000 02106cam a22004934i 4500
003 PE-LiUPU
005 20250731173422.0
008 150706s r 000 0 d
020 _a9780311290178
035 _a(Sirsi) i9780311290178
040 _aPE-LiUPU
_bspa
_cPE-LiUPU
_erda
049 _aPRUA
082 0 4 _a262
_bS36
_221
100 1 _aSegura C. Harold,
_eautor.
245 1 0 _aSer iglesia en la 'era del vacío' /
_cHarold Segura C.
264 1 _aEl Paso, Texas :
_bEditorial Mundo Hispano,
_c2011.
300 _a224 páginas :
_bilustraciones ;
_c21 cm.
336 _atext
_2rdacontent
337 _aunmediated
_2rdamedia
338 _avolume
_2rdacarrier
505 0 _aMisión e Integralidad: Misión integral: ¿fuego que sigue quemando? -- Misión Y Contexto: Posmodernidad y crisis de las instituciones -- Misión y Liberación: A la manera de Jesús -- Misión y Confrontación: Cuando el problema es la Iglesia -- Misión y Espiritualidad: Jesús, modelo sin igual -- Misión Y Unidad: El ecumenismo en Aparecida -- Una perspectiva evangélica -- Cincuenta Libros Para la Misión de la Iglesia -- Bibliografía para la misión integral -- Guías de Estudios Bíblicos Participativos.
526 _aSEG42
526 _aSEG41
526 _aSEG40
526 _aSEG39
526 _aP94
526 _aP87
526 _aP86
526 _aP85
526 _aP77
526 _aP76
526 _aP35
541 _g001-0000595;
650 0 4 _aIglesia.
650 0 4 _aEclesiología.
650 0 4 _aMisionología.
700 1 _aZorzoli, Rubén,
_eed.
910 _agl
_bjv
_cng
_d20120906
942 _2ddc
_cBOOK
949 _a262 S36
_wDEWEY
_c1
_i65451
_lCCODEBUL1
_mBUL
_p27.00
_r0
_sY
_tBOOK
_u2015-7-6
_xTEOLOGIA
_PP35
_o.STAFF. Colección General
994 _aC0
_bPEPRU
596 _a1
999 _a262 S36
_wDEWEY
_c53953
_i65451
_f2021-11-10
_g6
_lCCODEBUL1
_mBUL
_p27.00
_r0
_sY
_tBOOK
_u2015-7-6
_xTEOLOGIA
_PP35
_0COMPRA
_o.STAFF. Colección General
_d53953
980 _81
_gALBERTO SANCHEZ Responsable de Automatización